| 000 | 00467nam a2200133Ia 4500 | ||
|---|---|---|---|
| 001 | 3108 | ||
| 008 | 241024s9999 xx 000 0 und d | ||
| 082 | _aRD/375/R426j/2013 | ||
| 100 | _aRepública Dominicana. Ministerio de Educación. Vice Ministerio de Servicios Técnicos y Pedagógicos. Dirección General de Educación Básica | ||
| 245 | 0 | _aJornada de capacitación Verano 2013 | |
| 260 |
_bSanto Domingo _c2013 |
||
| 901 | _a1/8/2013 12:24:22 p.m. | ||
| 999 |
_c8403 _d8403 |
||